[Event "British Rapidplay"]
[Site "Peterborough"]
[Date "2025.03.01"]
[Round "6.3"]
[White "Czopor, Maciej"]
[Black "Vitiugov, Nikita"]
[Result "0-1"]
[WhiteElo "2412"]
[BlackElo "2668"]
[PlyCount "120"]
[EventDate "2025.03.01"]
[EventType "swiss (rapid)"]
[EventRounds "11"]
[EventCountry "ENG"]
[SourceTitle "BritBase"]
[Source "John Saunders"]
[SourceDate "2025.03.03"]
[SourceVersion "1"]
[SourceVersionDate "2025.03.03"]
[SourceQuality "2"]

1. e4 e6 2. d4 d5 3. e5 c5 4. c3 Nc6 5. Nf3 Bd7 6. Be2 Nge7 7. O-O Ng6 8. Be3 Qb6 9. Na3 a6 10. Rb1 Be7 11. b4 cxb4 12. cxb4 Nxb4 13. Nc2 Ba4 14. Qd2 a5 15. a3 Bxc2 16. Qxc2 Nxc2 17. Rxb6 Nxa3 18. Rxb7 O-O 19. Ra1 Bb4 20. h4 Rfb8 21. Rc7 Rc8 22. Rb7 Nc2 23. Ra4 Rab8 24. Ra7 h6 25. h5 Ne7 26. g4 Nxe3 27. fxe3 Rc2 28. Kf2 Nc8 29. Ra6 Nb6 30. Ra1 Nc4 31. g5 hxg5 32. Rg1 Be7 33. Ra7 Kf8 34. Ne1 Ra2 35. Nd3 Nd2 36. Rg2 Ne4+ 37. Kf3 a4 38. Rh2 a3 39. h6 gxh6 40. Rxh6 Kg7 41. Rh2 Bf8 42. Nf4 gxf4 43. Rg2+ Kh6 44. Rh2+ Kg6 45. Rg2+ Ng5+ 46. Kxf4 Rxe2 47. Rxe2 Rb1 48. Rg2 Rf1+ 49. Kg4 Rf5 50. Ra8 Bh6 51. Rxa3 Ne4 52. Kh4+ Bg5+ 53. Kh3 Rf3+ 54. Kh2 Kh5 55. Ra8 Rxe3 56. Rh8+ Kg6 57. Rg8+ Kf5 58. Rg7 Bf4+ 59. Kh1 Ng3+ 60. Kh2 Nh5+ 0-1

[Event "British Rapidplay"]
[Site "Peterborough"]
[Date "2025.03.01"]
[Round "6.5"]
[White "Mikalajunas, Kajus"]
[Black "Roberson, Peter T"]
[Result "0-1"]
[WhiteElo "2080"]
[BlackElo "2434"]
[PlyCount "80"]
[EventDate "2025.03.01"]
[EventType "swiss (rapid)"]
[EventRounds "11"]
[EventCountry "ENG"]
[SourceTitle "BritBase"]
[Source "John Saunders"]
[SourceDate "2025.03.03"]
[SourceVersion "1"]
[SourceVersionDate "2025.03.03"]
[SourceQuality "2"]

1. Nf3 c5 2. c4 Nc6 3. Nc3 e6 4. g3 Nf6 5. Bg2 d5 6. cxd5 exd5 7. d4 cxd4 8. Nxd4 Bc5 9. Nb3 Bb6 10. Nxd5 Be6 11. Nxf6+ Qxf6 12. O-O O-O 13. Qd6 a5 14. Qf4 a4 15. Qxf6 gxf6 16. Nd2 Nd4 17. Ne4 Nxe2+ 18. Kh1 Nxc1 19. Raxc1 Bd4 20. Nc3 Ra5 21. a3 b5 22. Rfd1 Bxf2 23. Ne4 Be3 24. Rc3 Bh6 25. Nxf6+ Kh8 26. Rc5 Bg7 27. Rf1 Bc4 28. Rff5 Ra6 29. Rc6 Rxc6 30. Bxc6 Rd8 31. Rf2 Rd6 32. Ne4 Rxc6 33. Rd2 h6 34. Nd6 Rc5 35. Kg1 Kh7 36. Kf2 Bb3 37. Ke3 Re5+ 38. Kf4 Rd5 39. Rxd5 Bxd5 40. Nxb5 Bxb2 0-1

[Event "British Rapidplay"]
[Site "Peterborough"]
[Date "2025.03.01"]
[Round "6.6"]
[White "Slaby, Jerzy"]
[Black "Verbytski, Oleg"]
[Result "1-0"]
[WhiteElo "2464"]
[BlackElo "2111"]
[PlyCount "165"]
[EventDate "2025.03.01"]
[EventType "swiss (rapid)"]
[EventRounds "11"]
[EventCountry "ENG"]
[SourceTitle "BritBase"]
[Source "John Saunders"]
[SourceDate "2025.03.03"]
[SourceVersion "1"]
[SourceVersionDate "2025.03.03"]
[SourceQuality "2"]

1. e4 c5 2. Nf3 d6 3. d4 cxd4 4. Qxd4 Nf6 5. Nc3 Nc6 6. Bb5 Bd7 7. Bxc6 Bxc6 8. Bg5 e6 9. O-O-O Be7 10. Qd3 Qa5 11. h4 h6 12. Bd2 Qc7 13. Nd4 a6 14. f3 Rc8 15. g4 h5 16. g5 Nd7 17. g6 Ne5 18. gxf7+ Kxf7 19. Qf1 Bf6 20. Bg5 Qd8 21. f4 Ng4 22. Nxc6 Rxc6 23. Rh3 Rf8 24. e5 Bxg5 25. hxg5 g6 26. Ne4 d5 27. Nf6 Nxf6 28. gxf6 Qa5 29. Kb1 Qa4 30. Qd3 Rfc8 31. Rxh5 Rxc2 32. Rh7+ Kf8 33. Rh8+ Kf7 34. Rxc8 Rxc8 35. Rh1 Qe4 36. Qxe4 dxe4 37. Rh7+ Kg8 38. Rg7+ Kf8 39. Rxg6 e3 40. Rg3 Rc4 41. Rxe3 Rxf4 42. Kc2 Rd4 43. Rd3 Re4 44. Rd8+ Kf7 45. Rd7+ Kg6 46. Rg7+ Kh6 47. Rxb7 Rxe5 48. f7 Kg7 49. Kd3 a5 50. a4 Rf5 51. Ra7 Rxf7 52. Rxa5 Kf6 53. Rc5 Rb7 54. Kc3 e5 55. b4 Kf5 56. a5 Kf4 57. a6 Ra7 58. b5 e4 59. Kb4 e3 60. Ka5 e2 61. Rc1 Rd7 62. Re1 Kf3 63. b6 Rd5+ 64. Kb4 Rd1 65. Rxe2 Kxe2 66. b7 Rb1+ 67. Kc5 Kd2 68. Kc6 Kc2 69. a7 Rh1 70. b8=Q Rh6+ 71. Qd6 Rh8 72. Qc5+ Kb3 73. Qe3+ Ka2 74. Qd2+ Kb3 75. Qd3+ Ka2 76. Qc2+ Ka1 77. Qc3+ Kb1 78. Qxh8 Kc2 79. Qh3 Kb2 80. Kc5 Kc1 81. Qg2 Kb1 82. Kc4 Ka1 83. Kc3 1-0

[Event "British Rapidplay"]
[Site "Peterborough"]
[Date "2025.03.01"]
[Round "6.7"]
[White "Rushbrooke, Remy"]
[Black "Kovchan, Alexander"]
[Result "0-1"]
[WhiteElo "2094"]
[BlackElo "2433"]
[PlyCount "80"]
[EventDate "2025.03.01"]
[EventType "swiss (rapid)"]
[EventRounds "11"]
[EventCountry "ENG"]
[SourceTitle "BritBase"]
[Source "John Saunders"]
[SourceDate "2025.03.03"]
[SourceVersion "1"]
[SourceVersionDate "2025.03.03"]
[SourceQuality "2"]

1. Nf3 Nf6 2. g3 b6 3. Bg2 Bb7 4. O-O c5 5. c4 g6 6. Nc3 Bg7 7. d4 cxd4 8. Qxd4 Na6 9. Rd1 Nc5 10. Be3 Rc8 11. b3 Ne6 12. Qh4 h6 13. Nd5 g5 14. Qh3 Bxd5 15. cxd5 g4 16. Qh4 gxf3 17. dxe6 fxg2 18. exd7+ Nxd7 19. Rac1 Rxc1 20. Bxc1 Qc8 21. Ba3 Bf6 22. Qa4 a6 23. Qg4 Qb7 24. Rc1 Nc5 25. Bxc5 bxc5 26. Rxc5 e6 27. Qa4+ Kf8 28. Qc4 h5 29. g4 Kg7 30. g5 Bb2 31. g6 Rd8 32. Qc2 Ba3 33. Qc3+ Kf8 34. Rc6 Rd1+ 35. Kxg2 Rc1 36. Qh8+ Ke7 37. g7 Qxc6+ 38. f3 Qc5 39. Qf8+ Kf6 40. Qxc5 Bxc5 0-1

[Event "British Rapidplay"]
[Site "Peterborough"]
[Date "2025.03.01"]
[Round "6.8"]
[White "Mirzoeva, Elmira"]
[Black "Badacsonyi, Stanley"]
[Result "1/2-1/2"]
[WhiteElo "2272"]
[BlackElo "2334"]
[PlyCount "119"]
[EventDate "2025.03.01"]
[EventType "swiss (rapid)"]
[EventRounds "11"]
[EventCountry "ENG"]
[SourceTitle "BritBase"]
[Source "John Saunders"]
[SourceDate "2025.03.03"]
[SourceVersion "1"]
[SourceVersionDate "2025.03.03"]
[SourceQuality "2"]

1. d4 Nf6 2. c4 g6 3. Nc3 Bg7 4. e4 d6 5. Nf3 O-O 6. Be2 e5 7. Be3 Ng4 8. Bg5 f6 9. Bh4 g5 10. Bg3 Nh6 11. h3 Nc6 12. d5 Ne7 13. Nd2 Ng6 14. Bg4 f5 15. exf5 Nxf5 16. Nde4 Nf4 17. Rg1 Qe7 18. Qc2 Nd4 19. Qd1 Bf5 20. Bxf5 Rxf5 21. Qa4 a5 22. Bxf4 Rxf4 23. O-O-O Raf8 24. f3 b6 25. Kb1 h5 26. Nb5 g4 27. hxg4 hxg4 28. Nxd4 exd4 29. Rde1 Qf7 30. Qc2 Qg6 31. fxg4 d3 32. Qxd3 Re8 33. Nc5 Rxe1+ 34. Rxe1 Qxd3+ 35. Nxd3 Rxg4 36. Re7 Rxg2 37. Rxc7 Rd2 38. Nf4 Rxb2+ 39. Kc1 Rxa2 40. Ne6 Be5 41. Rb7 a4 42. Rxb6 a3 43. Kb1 Rg2 44. Ra6 Rb2+ 45. Kc1 a2 46. c5 dxc5 47. d6 Rb1+ 48. Kc2 a1=Q 49. Rxa1 Rxa1 50. d7 Bf6 51. d8=Q+ Bxd8 52. Nxd8 Ra6 53. Kc3 Kf8 54. Kc4 Ke7 55. Nb7 Rc6 56. Kd5 c4 57. Kxc6 c3 58. Nc5 c2 59. Nd3 c1=N 60. Nxc1 1/2-1/2

[Event "British Rapidplay"]
[Site "Peterborough"]
[Date "2025.03.01"]
[Round "6.9"]
[White "Martyn, Rafe"]
[Black "Davis, Colin J"]
[Result "1/2-1/2"]
[WhiteElo "2201"]
[BlackElo "1987"]
[PlyCount "93"]
[EventDate "2025.03.01"]
[EventType "swiss (rapid)"]
[EventRounds "11"]
[EventCountry "ENG"]
[SourceTitle "BritBase"]
[Source "John Saunders"]
[SourceDate "2025.03.03"]
[SourceVersion "1"]
[SourceVersionDate "2025.03.03"]
[SourceQuality "2"]

1. e4 d6 2. d4 Nf6 3. Nc3 g6 4. Nf3 Bg7 5. Be2 O-O 6. O-O a6 7. a4 Nc6 8. h3 e5 9. Be3 exd4 10. Nxd4 Re8 11. Nxc6 bxc6 12. Bf3 Rb8 13. Rb1 Nd7 14. Be2 Nf6 15. Bf3 Nd7 16. Qd2 Ne5 17. Be2 Rb4 18. b3 c5 19. Rbd1 Nc6 20. Bc4 Nd4 21. Nd5 Rxc4 22. bxc4 Rxe4 23. Bxd4 Bxd4 24. Rfe1 Bf5 25. c3 Be5 26. Rxe4 Bxe4 27. Re1 Bxd5 28. cxd5 Qh4 29. a5 Qc4 30. Qh6 Qf4 31. Qxf4 Bxf4 32. Re8+ Kg7 33. Ra8 Bd2 34. Rxa6 Bxc3 35. Ra7 c4 36. a6 Ba5 37. Rxc7 Bxc7 38. a7 Bb6 39. a8=Q c3 40. Qa4 Kf6 41. Qc4 Ba5 42. Kf1 Ke5 43. f4+ Kf5 44. g4+ Kf6 45. Ke2 g5 46. Qd4+ Ke7 47. Qa7+ 1/2-1/2

[Event "British Rapidplay"]
[Site "Peterborough"]
[Date "2025.03.01"]
[Round "6.10"]
[White "Sivanandan, Bodhana"]
[Black "Buckley, Graeme N"]
[Result "0-1"]
[WhiteElo "2073"]
[BlackElo "2268"]
[PlyCount "114"]
[EventDate "2025.03.01"]
[EventType "swiss (rapid)"]
[EventRounds "11"]
[EventCountry "ENG"]
[SourceTitle "BritBase"]
[Source "John Saunders"]
[SourceDate "2025.03.03"]
[SourceVersion "1"]
[SourceVersionDate "2025.03.03"]
[SourceQuality "2"]

1. e4 c5 2. Nf3 Nc6 3. Bb5 g6 4. O-O Bg7 5. c3 Nf6 6. Re1 O-O 7. d4 d5 8. e5 Ne4 9. Bxc6 bxc6 10. Be3 Qb6 11. Qc1 c4 12. Nbd2 Nxd2 13. Nxd2 Bf5 14. b3 Bd3 15. Qa3 e6 16. bxc4 dxc4 17. d5 Qb5 18. Bc5 cxd5 19. Bxf8 Bxf8 20. Qc1 Bh6 21. a4 Qb7 22. Ra2 Rb8 23. h3 a5 24. Qd1 Qc6 25. Nf3 Qc7 26. Qa1 Qb6 27. Nd4 Bf8 28. Nb5 Bc5 29. Qb2 Qd8 30. Qd2 d4 31. cxd4 Bb4 32. Qe3 Bxe1 33. Qxe1 Qd5 34. Qc3 Kg7 35. Ra1 Qa8 36. Re1 Be4 37. f3 Bd5 38. Re2 h6 39. Rb2 Rb7 40. Kf2 Qd8 41. g3 Qg5 42. h4 Qf5 43. Re2 Qh3 44. f4 Qh1 45. Ke3 Qd1 46. Qa3 c3 47. Nxc3 Qg1+ 48. Kd2 Qxg3 49. h5 Rb3 50. Qc5 Qxf4+ 51. Kc2 Qf5+ 52. Kc1 Qf1+ 53. Kd2 Rb2+ 54. Kd3 Qf5+ 55. Ne4 Qf3+ 56. Re3 Qd1+ 57. Kc3 Qb3# 0-1

[Event "British Rapidplay"]
[Site "Peterborough"]
[Date "2025.03.01"]
[Round "6.11"]
[White "Pilley, Jack"]
[Black "Pritchett, Craig William"]
[Result "1/2-1/2"]
[WhiteElo "1975"]
[BlackElo "2177"]
[PlyCount "80"]
[EventDate "2025.03.01"]
[EventType "swiss (rapid)"]
[EventRounds "11"]
[EventCountry "ENG"]
[SourceTitle "BritBase"]
[Source "John Saunders"]
[SourceDate "2025.03.03"]
[SourceVersion "1"]
[SourceVersionDate "2025.03.03"]
[SourceQuality "2"]

1. e4 c5 2. Nf3 e6 3. g3 Nc6 4. Bg2 Nf6 5. Qe2 d6 6. O-O Be7 7. c3 O-O 8. d3 Rb8 9. a4 Qc7 10. Na3 a6 11. h4 b5 12. axb5 axb5 13. Bf4 e5 14. Bg5 Be6 15. Nc2 b4 16. Ne3 bxc3 17. bxc3 h6 18. Bxf6 Bxf6 19. Nd2 Rb2 20. Qd1 Rfb8 21. Ndc4 R2b3 22. Qc2 Ne7 23. Ra6 Nc8 24. Rfa1 R3b7 25. Qe2 Rb1+ 26. Rxb1 Rxb1+ 27. Kh2 Rb8 28. Bh3 Bxh3 29. Kxh3 Nb6 30. Qg4 Nxc4 31. Nxc4 h5 32. Qf5 g6 33. Qxf6 Qc8+ 34. Kg2 Qxa6 35. Nxe5 Rf8 36. g4 Qa1 37. gxh5 Qxc3 38. f4 dxe5 39. h6 Qd2+ 40. Kg1 Qe3+ 1/2-1/2

[Event "British Rapidplay"]
[Site "Peterborough"]
[Date "2025.03.01"]
[Round "6.12"]
[White "Shearsby, Jude"]
[Black "Surtees, Michael J"]
[Result "1-0"]
[WhiteElo "2152"]
[BlackElo "2099"]
[PlyCount "97"]
[EventDate "2025.03.01"]
[EventType "swiss (rapid)"]
[EventRounds "11"]
[EventCountry "ENG"]
[SourceTitle "BritBase"]
[Source "John Saunders"]
[SourceDate "2025.03.03"]
[SourceVersion "1"]
[SourceVersionDate "2025.03.03"]
[SourceQuality "2"]

1. e4 c6 2. d4 d5 3. e5 Bf5 4. h4 Qb6 5. Nc3 h6 6. g4 Bd7 7. a3 e6 8. Be3 c5 9. dxc5 Bxc5 10. Bxc5 Qxc5 11. Nf3 Ne7 12. Qd4 Qxd4 13. Nxd4 a6 14. O-O-O Ng6 15. Re1 Nc6 16. Nxc6 Bxc6 17. Bg2 Ke7 18. h5 Nf4 19. Bf3 Rhc8 20. Rd1 f6 21. Rhe1 fxe5 22. Rxe5 Kf6 23. Rde1 b5 24. Kb1 a5 25. Na2 Bd7 26. R5e3 Rc4 27. Nc1 Rac8 28. Bd1 g5 29. hxg6 Kxg6 30. Rf3 Kg5 31. Re5+ Kg6 32. b3 Rd4 33. Re1 Ng2 34. Rg1 Rxg4 35. Nd3 Rg5 36. Rxg2 Rxg2 37. Nf4+ Kf5 38. Nxg2+ Ke5 39. Rh3 Rf8 40. f4+ Ke4 41. Bf3+ Kd4 42. Rxh6 e5 43. Rd6 e4 44. Bxe4 Kxe4 45. Rxd7 Rg8 46. Ne1 Rg1 47. Kb2 Kxf4 48. Nd3+ Ke4 49. Rb7 1-0

[Event "British Rapidplay"]
[Site "Peterborough"]
[Date "2025.03.01"]
[Round "6.13"]
[White "Andal, Edmond"]
[Black "Raju, Sooraj Menothuparam"]
[Result "1/2-1/2"]
[WhiteElo "2011"]
[BlackElo "2154"]
[PlyCount "213"]
[EventDate "2025.03.01"]
[EventType "swiss (rapid)"]
[EventRounds "11"]
[EventCountry "ENG"]
[SourceTitle "BritBase"]
[Source "John Saunders"]
[SourceDate "2025.03.03"]
[SourceVersion "1"]
[SourceVersionDate "2025.03.03"]
[SourceQuality "2"]

1. Nf3 d6 2. d4 f5 3. Nc3 Nf6 4. h3 g6 5. Bg5 Bg7 6. Bxf6 Bxf6 7. e4 c6 8. Bd3 Qa5 9. Qe2 O-O 10. e5 Bg7 11. O-O d5 12. Nd2 e6 13. Nb3 Qc7 14. Qe3 b6 15. Ne2 Qe7 16. f4 Nd7 17. c4 c5 18. Rac1 Bb7 19. dxc5 d4 20. Nexd4 Nxc5 21. Nb5 Rfd8 22. Nxc5 bxc5 23. Nd6 Rxd6 24. exd6 Qxd6 25. Qe2 Re8 26. Rcd1 Qc6 27. Qc2 Bd4+ 28. Kh1 Re7 29. Rde1 Rg7 30. Qe2 Kf7 31. Rf3 Qd6 32. Rff1 Rg8 33. b3 Re8 34. Bb1 Re7 35. Bc2 Ke8 36. Bd1 Bc3 37. Qe3 Bxe1 38. Rxe1 Kf7 39. Bf3 Qd4 40. Bxb7 Qxe3 41. Rxe3 Rxb7 42. Re5 Rc7 43. Kg1 Kf6 44. Kf2 g5 45. g3 Rd7 46. Rxc5 Rd2+ 47. Kf3 Rxa2 48. fxg5+ Kxg5 49. Rc7 Rb2 50. Rb7 a5 51. Rb5 Rc2 52. c5 e5 53. Rxa5 Rc3+ 54. Kf2 Rxb3 55. c6 Rb2+ 56. Kf1 Kf6 57. Rc5 Rb8 58. Ke2 Ke6 59. Ke3 Kd6 60. Rc1 Rc8 61. Rf1 Rf8 62. Rc1 Rf7 63. Rc2 h5 64. Rc1 Rg7 65. Ke2 Rc7 66. Rf1 Ke6 67. Rc1 Kd5 68. Rf1 Ke4 69. Rc1 Kd5 70. Rf1 Ke6 71. Rc1 Kf6 72. Ke3 Kg5 73. Rc5 Kf6 74. Rc1 Ke6 75. Rc2 Kd6 76. Rf2 Rf7 77. Rc2 Kc7 78. Rc5 Re7 79. Rc2 Re6 80. Rc5 Re7 81. Rc1 Rg7 82. Kf2 Kd6 83. Ke2 Rc7 84. Rf1 Ke6 85. Rc1 Rc8 86. Ke3 Kd6 87. Rf1 Rf8 88. g4 hxg4 89. hxg4 f4+ 90. Ke4 Re8 91. Rc1 Re7 92. Rc2 Rc7 93. g5 Ke6 94. Rc5 Kd6 95. Rxe5 Rxc6 96. Kxf4 Rc7 97. Re1 Re7 98. Ra1 Ke6 99. Ra6+ Kf7 100. Kf5 Rb7 101. Rf6+ Kg7 102. Ra6 Rc7 103. Kg4 Rc1 104. Ra7+ Kg6 105. Ra6+ Kg7 106. Ra5 Rg1+ 107. Kf4 1/2-1/2

[Event "British Rapidplay"]
[Site "Peterborough"]
[Date "2025.03.01"]
[Round "6.14"]
[White "Banerjee, Supratit"]
[Black "Bin-Suhayl, Ieysaa"]
[Result "1/2-1/2"]
[WhiteElo "2250"]
[BlackElo "2219"]
[PlyCount "108"]
[EventDate "2025.03.01"]
[EventType "swiss (rapid)"]
[EventRounds "11"]
[EventCountry "ENG"]
[SourceTitle "BritBase"]
[Source "John Saunders"]
[SourceDate "2025.03.03"]
[SourceVersion "1"]
[SourceVersionDate "2025.03.03"]
[SourceQuality "2"]

1. e4 e5 2. Nf3 Nc6 3. Nc3 Nf6 4. Nd5 Nxd5 5. exd5 Nd4 6. c3 Nxf3+ 7. Qxf3 d6 8. Bd3 g6 9. O-O Bg7 10. Bb5+ Bd7 11. Bxd7+ Qxd7 12. d4 O-O 13. dxe5 dxe5 14. Be3 Rfe8 15. Rad1 Qa4 16. Qe2 Qxa2 17. Qb5 c6 18. Qxb7 cxd5 19. Qxd5 Qxd5 20. Rxd5 a5 21. Ra1 a4 22. Rb5 e4 23. c4 Rec8 24. c5 f5 25. g3 Rc6 26. Rd1 Rac8 27. Rd7 R6c7 28. Rd1 Bf8 29. Rc1 Rc6 30. Ra5 Rb8 31. Rc2 Bg7 32. Rxa4 Rxb2 33. Ra8+ Kf7 34. Ra7+ Ke6 35. Rc1 Bf8 36. Rxh7 Rb5 37. h4 Bxc5 38. Kg2 Kd5 39. Rd7+ Rd6 40. Rd1+ Ke6 41. R7xd6+ Bxd6 42. Ra1 Bc5 43. Ra6+ Kf7 44. Bxc5 Rxc5 45. g4 Rc3 46. g5 Kg7 47. Re6 Rf3 48. Re7+ Kf8 49. Rh7 Kg8 50. Ra7 Rf4 51. Ra8+ Kg7 52. Ra7+ Kg8 53. Kg3 Rf3+ 54. Kg2 Rf4 1/2-1/2

[Event "British Rapidplay"]
[Site "Peterborough"]
[Date "2025.03.01"]
[Round "6.15"]
[White "Sarakauskas, Gediminas"]
[Black "Mihalik, Agoston"]
[Result "1-0"]
[WhiteElo "2323"]
[BlackElo "2140"]
[PlyCount "101"]
[EventDate "2025.03.01"]
[EventType "swiss (rapid)"]
[EventRounds "11"]
[EventCountry "ENG"]
[SourceTitle "BritBase"]
[Source "John Saunders"]
[SourceDate "2025.03.03"]
[SourceVersion "1"]
[SourceVersionDate "2025.03.03"]
[SourceQuality "2"]

1. e4 c5 2. Nf3 e6 3. c3 d5 4. e5 d4 5. Bd3 Nc6 6. O-O Nge7 7. Re1 Ng6 8. g3 Qc7 9. Qe2 Bd7 10. h4 O-O-O 11. Na3 Be8 12. h5 Ngxe5 13. Nxe5 Nxe5 14. Qxe5 Qxe5 15. Rxe5 dxc3 16. Re3 c4 17. Nxc4 Bc5 18. Bc2 Bxe3 19. dxe3 b5 20. Na5 f6 21. g4 g6 22. h6 g5 23. bxc3 Bg6 24. e4 Rd6 25. a4 a6 26. axb5 axb5 27. Nc4 Rdd8 28. Nd6+ Kd7 29. Nxb5 Ra8 30. Ba3 Rhb8 31. c4 e5 32. Rd1+ Kc8 33. Be7 Ra6 34. Rd8+ Kb7 35. Rd7+ Kb6 36. Rd6+ Kb7 37. Rxa6 Kxa6 38. Bxf6 Kb6 39. Bxe5 Re8 40. Bd4+ Kc6 41. Nc3 Ra8 42. Ba4+ Kd6 43. f3 Bf7 44. c5+ Ke7 45. Kf2 Ra6 46. Be3 Kf6 47. c6 Be6 48. c7 Ra8 49. Nd5+ Bxd5 50. exd5 Ke5 51. Bd7 1-0

[Event "British Rapidplay"]
[Site "Peterborough"]
[Date "2025.03.01"]
[Round "6.16"]
[White "Kothari, Jai"]
[Black "Eckersley-Waites, Adam"]
[Result "0-1"]
[WhiteElo "2035"]
[BlackElo "2247"]
[PlyCount "86"]
[EventDate "2025.03.01"]
[EventType "swiss (rapid)"]
[EventRounds "11"]
[EventCountry "ENG"]
[SourceTitle "BritBase"]
[Source "John Saunders"]
[SourceDate "2025.03.03"]
[SourceVersion "1"]
[SourceVersionDate "2025.03.03"]
[SourceQuality "2"]

1. e4 c5 2. Nc3 Nc6 3. Bb5 Nd4 4. Nf3 g6 5. Nxd4 cxd4 6. Ne2 Bg7 7. O-O a6 8. Bd3 d6 9. c3 dxc3 10. dxc3 Nf6 11. Qc2 O-O 12. h3 b6 13. f4 Bb7 14. Be3 Qc7 15. Rae1 Rac8 16. f5 Nd7 17. fxg6 hxg6 18. Nf4 e6 19. Kh1 Nc5 20. Bxc5 Qxc5 21. Qb3 Rfe8 22. Re2 b5 23. Ref2 Rc7 24. a3 d5 25. exd5 e5 26. Re2 Rd8 27. Bxg6 exf4 28. Be4 Bxd5 29. Bxd5 Qxd5 30. Re8+ Kh7 31. Qc2+ Qd3 32. Qxd3+ Rxd3 33. Rxf4 Rd2 34. Rh4+ Bh6 35. Ra8 Rc6 36. Ra7 Rf6 37. a4 bxa4 38. c4 Rxb2 39. c5 a3 40. c6 a2 41. Rxa6 Rb1+ 42. Kh2 a1=Q 43. c7 Qe5+ 0-1

[Event "British Rapidplay"]
[Site "Peterborough"]
[Date "2025.03.01"]
[Round "6.17"]
[White "Kanyamarala, Tarun"]
[Black "Zhang, Junyi"]
[Result "1-0"]
[WhiteElo "2389"]
[BlackElo "2152"]
[PlyCount "163"]
[EventDate "2025.03.01"]
[EventType "swiss (rapid)"]
[EventRounds "11"]
[EventCountry "ENG"]
[SourceTitle "BritBase"]
[Source "John Saunders"]
[SourceDate "2025.03.03"]
[SourceVersion "1"]
[SourceVersionDate "2025.03.03"]
[SourceQuality "2"]

1. d4 Nf6 2. c4 e6 3. Nf3 d5 4. cxd5 exd5 5. Nc3 c6 6. Bf4 Be7 7. h3 O-O 8. e3 Bf5 9. g4 Be4 10. g5 Ne8 11. Nxe4 dxe4 12. Nd2 Bxg5 13. Bxg5 Qxg5 14. Nxe4 Qe7 15. Bg2 Nd7 16. Qb3 Nef6 17. Ng3 Nb6 18. O-O Nbd5 19. Rac1 Rfe8 20. Rc5 Rad8 21. a3 Qc7 22. Nf5 Qd7 23. Qc2 g6 24. Ng3 Qd6 25. e4 Nf4 26. e5 Qxd4 27. exf6 Qxf6 28. Rc4 h5 29. Qc3 Qd6 30. Qf3 Nxg2 31. Kxg2 Qd5 32. Qxd5 Rxd5 33. Rfc1 Re7 34. Re4 Red7 35. Rc2 Kg7 36. h4 Rd1 37. Nf1 R1d3 38. Ne3 f5 39. Rec4 Kf6 40. Kf3 Re7 41. Ke2 Rd6 42. Rd2 Rde6 43. Kf3 a6 44. Rcd4 b5 45. Rd6 g5 46. hxg5+ Kxg5 47. Rxe6 Rxe6 48. Rd8 h4 49. Rg8+ Kf6 50. Rf8+ Kg6 51. Nxf5 h3 52. Ng3 Kg7 53. Rd8 Re1 54. Rd7+ Kg6 55. Rd6+ Kg7 56. Rxc6 Rg1 57. Nf5+ Kf7 58. Rh6 Rg5 59. Ng3 Rc5 60. Rxh3 Rc2 61. Rh7+ Kg6 62. Ra7 Rxb2 63. Rxa6+ Kf7 64. Ne4 b4 65. axb4 Rxb4 66. Kf4 Rd4 67. Ke5 Rd3 68. f4 Re3 69. Kf5 Rd3 70. Ra7+ Kf8 71. Ng5 Rb3 72. Ne6+ Kg8 73. Rg7+ Kh8 74. Rg1 Rb6 75. Kf6 Rb7 76. f5 Ra7 77. Rc1 Ra6 78. Kg6 Ra8 79. Rh1+ Kg8 80. Rd1 Kh8 81. Rd8+ Rxd8 82. Nxd8 1-0

[Event "British Rapidplay"]
[Site "Peterborough"]
[Date "2025.03.01"]
[Round "6.18"]
[White "Larchikov, Maksym"]
[Black "He, Tom Junde"]
[Result "1-0"]
[WhiteElo "2050"]
[BlackElo "2053"]
[PlyCount "192"]
[EventDate "2025.03.01"]
[EventType "swiss (rapid)"]
[EventRounds "11"]
[EventCountry "ENG"]
[SourceTitle "BritBase"]
[Source "John Saunders"]
[SourceDate "2025.03.03"]
[SourceVersion "1"]
[SourceVersionDate "2025.03.03"]
[SourceQuality "2"]

1. d4 Nf6 2. c4 e6 3. Nf3 b6 4. g3 Bb7 5. Bg2 Be7 6. O-O O-O 7. Nc3 Ne4 8. Bd2 f5 9. Ne1 Nxc3 10. Bxc3 Bxg2 11. Nxg2 Bf6 12. Qd3 Nc6 13. e4 fxe4 14. Qxe4 Re8 15. Rad1 Kh8 16. Ne3 Qe7 17. Rfe1 Qf7 18. f4 Qh5 19. Qg2 Rad8 20. b3 Qf7 21. Ng4 Be7 22. Ne3 Bf6 23. Ng4 Be7 24. Ne5 Nxe5 25. dxe5 Bc5+ 26. Kh1 a5 27. Rd3 d6 28. Red1 Qe7 29. Qc6 Rf8 30. exd6 cxd6 31. Re1 Qf7 32. Bd4 Qf5 33. Rdd1 Bb4 34. Re2 e5 35. Bxb6 Rb8 36. Be3 e4 37. Bf2 Rbe8 38. Rc1 Qg4 39. Rcc2 Qf3+ 40. Kg1 Qd3 41. Qd5 Qf3 42. Re3 Qg4 43. Rce2 Rf5 44. Rxe4 Ref8 45. Re8 h5 46. Rxf8+ Rxf8 47. Qe6 Qf3 48. Bd4 Rf6 49. Qe8+ Kh7 50. Qe4+ Qxe4 51. Rxe4 Rf7 52. Bf2 Rd7 53. Kf1 Rc7 54. Rd4 Re7 55. Rd5 g6 56. Rd3 Kg8 57. Re3 Rd7 58. Ke2 Kf7 59. Kf3 Rd8 60. Be1 Bc5 61. Rd3 Ra8 62. Bc3 Ke6 63. h3 Kf7 64. g4 hxg4+ 65. hxg4 Ra7 66. Ke4 Re7+ 67. Kf3 Ra7 68. Bd4 a4 69. b4 Bxd4 70. Rxd4 Ke6 71. a3 Rc7 72. Ke4 Rc6 73. f5+ gxf5+ 74. gxf5+ Kf6 75. b5 Rb6 76. Rd1 Kf7 77. Kd5 Rb8 78. Rh1 Kf6 79. Rh6+ Kxf5 80. Rxd6 Kf4 81. b6 Ke3 82. Kc6 Rc8+ 83. Kb5 Ke4 84. c5 Ke5 85. Rd1 Rb8 86. c6 Rh8 87. c7 Ke6 88. Rd8 Rh5+ 89. Ka6 Ke5 90. c8=Q Rf5 91. Qc5+ Ke6 92. Rd6+ Ke7 93. Rd5+ Kf6 94. Rxf5+ Kg6 95. Rf3 Kh6 96. Qg1 Kh7 1-0

[Event "British Rapidplay"]
[Site "Peterborough"]
[Date "2025.03.01"]
[Round "6.19"]
[White "Cancedda-Dupuis, Livio"]
[Black "Birtwistle, Nigel"]
[Result "1-0"]
[WhiteElo "2053"]
[BlackElo "2025"]
[PlyCount "63"]
[EventDate "2025.03.01"]
[EventType "swiss (rapid)"]
[EventRounds "11"]
[EventCountry "ENG"]
[SourceTitle "BritBase"]
[Source "John Saunders"]
[SourceDate "2025.03.03"]
[SourceVersion "1"]
[SourceVersionDate "2025.03.03"]
[SourceQuality "2"]

1. Nf3 g6 2. d4 Bg7 3. e4 c5 4. dxc5 Qa5+ 5. Bd2 Qxc5 6. Bc3 Nf6 7. Bd3 O-O 8. O-O d6 9. Nbd2 Nc6 10. Nb3 Qb6 11. Qd2 Qc7 12. Rfe1 Rd8 13. Nbd4 a6 14. Nxc6 Qxc6 15. e5 dxe5 16. Nxe5 Qc7 17. Qf4 Qb8 18. Bc4 Rf8 19. Qf3 Bf5 20. g4 Bxc2 21. Nxf7 Qc7 22. Ne5+ Kh8 23. Qh3 b5 24. Bb3 Bxb3 25. Nxg6+ Kg8 26. Nxf8 Rxf8 27. axb3 b4 28. Be5 Qb6 29. Qd3 Nxg4 30. Qc4+ e6 31. Qxg4 Qxf2+ 32. Kh1 1-0